Trenerzy Ruchu Chorzów - nagła śmierć - Statystyki

Ogólne statystyki
  • Ten quiz został rozwiązany 24 razy
  • Średni wynik to 5 z 15
Answers on the Grid
Answers color-coded by a green-red scale on the quiz's grid according to % correct below.
Jan Woś
Aleksander Vuković
Jarosław Skrobacz
Franciszek Smuda
Waldemar Fornalik
Pavel Stano
Bogusław Pietrzak
Łukasz Bereta
Ryszard Wieczorek
Kazimierz Moskal
Dawid Szulczek
Daniel Myśliwiec
Piotr Mandrysz
Dusan Radolsky
Janusz Niedźwiedź
Dariusz Banasik
Jacek Zieliński
Mariusz Rumak
Jan Kocian
Łukasz Tomczyk
Juan Ramón Rocha
Łukasz Becella
Kamil Kuzera
Marek Wleciałowski
Leszek Ojrzyński
Dariusz Fornalak
Marcin Kaczmarek
Czesław Michniewicz
Orest Leńczyk
Michał Probierz
 
Statystyki odpowiedzi
Odpowiedź % Poprawnych
Waldemar Fornalik
80%
Dawid Szulczek
53%
Janusz Niedźwiedź
47%
Jarosław Skrobacz
47%
Jan Kocian
40%
Jan Woś
40%
Łukasz Bereta
40%
Jacek Zieliński
27%
Juan Ramón Rocha
27%
Dariusz Fornalak
20%
Dusan Radolsky
20%
Marek Wleciałowski
13%
Orest Leńczyk
13%
Bogusław Pietrzak
7%
Piotr Mandrysz
7%
Nie znaleziono quizów pasujących do podanych kryteriów
Rozkład punktacji
Procent ludzi z każdym wynikiem
Percentyl według liczby udzielonych odpowiedzi
Twoja historia wyników
Nie rozwiązałeś tego quizu